| 000 | 00748nmm a2200265 a 4500 | ||
|---|---|---|---|
| 003 | AR-BaBNM | ||
| 005 | 20251128203736.0 | ||
| 008 | 136119s1950 ||||||||||||||000 | spa|| | ||
| 040 | _cAR-BaBNM | ||
| 245 | 1 | 0 |
_aPoesía de hoy en España _bprimera serie |
| 260 |
_aMadrid _bDirección General de Relaciones Culturales _c1950 |
||
| 300 | 0 |
_a119 p. _bil. |
|
| 500 | 0 | _aContiene datos biográficos de los autores | |
| 650 | 4 | _aPOESIAS | |
| 650 | 4 | _aLITERATURA ESPANOLA | |
| 650 | 4 | _aLITERATURA CONTEMPORANEA | |
| 650 | 4 | _aANTOLOGIAS | |
| 650 | 4 | _aPOESIA ESPANOLA | |
| 650 | 4 | _aPOESIA CONTEMPORANEA | |
| 653 | 0 | _aVANGUARDIAS LITERARIAS | |
| 655 | _aLITERATURA | ||
| 700 | 1 |
_aPrieto, Gregorio _eilustrador |
|
| 942 | _cBK | ||
| 998 | _cisola | ||
| 999 |
_c4746 _d4746 |
||